Sports Quiz

Random Sports or College Quiz

Todd McShay's 2011 Mock Draft Quiz Stats

 Plays Quiz not verified by Sporcle

Support Sporcle.
Go Orange.
Score 0/32 Timer 10:00
0 Plays Today
Team Player % Correct
Washington RedskinsJulio Jones
91.3%
Denver BroncosMarcell Dareus
90.9%
Carolina PanthersCam Newton
86.6%
Arizona CardinalsVon Miller
84.3%
Cincinnati BengalsA.J Green
83.5%
San Franscisco 49ersRobert Quinn
77.2%
Buffalo BillsBlaine Gabbert
67.7%
Miami DolphinsMike Pouncey
67.7%
St. Louis RamsCorey Liuget
65.7%
Cleveland BrownsPatrick Peterson
60.6%
Dallas CowboysTyron Smith
56.3%
Houston TexansJ.J Watt
56.3%
Tennessee TitansNick Fairley
55.5%
San Diego ChargersMuhammad Wilkerson
55.1%
New York GiantsAnthony Castonzo
52.8%
Seattle SeahawksAdrian Clayborn
48.8%
Team Player % Correct
Minnesota VikingsAldon Smith
46.9%
Detroit LionsPrince Amukamara
39%
Jacksonville JaguarsRyan Kerrigan
36.2%
Philadelphia EaglesGabe Carimi
31.5%
Kansas City ChiefsPhil Taylor
30.7%
Atlanta FalconsBrooks Reed
30.7%
Tampa Bay BuccaneersJustin Houston
30.3%
Baltimore RavensJimmy Smith
27.2%
New England PatriotsCameron Jordan
26%
Indianapolis ColtsNate Solder
23.2%
New Orleans SaintsDa'Quan Bowers
22.8%
New York JetsAkeem Ayers
18.9%
Green Bay PackersCameron Heyward
18.1%
Pittsburgh SteelersAaron Williams
13.8%
New England PatriotsMark Ingram
12.6%
Chicago BearsDerek Sherrod
10.2%

You're not logged in!

Compare scores with friends on all Sporcle quizzes.
OR
Log In

From the Vault

4 to 13 Letter 'P' Places

by FilipinoBreloom

Make sure to lean on your geography knowledge if you get stuck.
Remove Ads.
Support Sporcle.
Get the best of Sporcle when you Go Orange. This ad-free experience offers more features, more stats, and more fun while also helping to support Sporcle. Thank you for becoming a member.

Show Comments

Extras

Top Quizzes Today


Score Distribution

Your Account Isn't Verified!

In order to create a playlist on Sporcle, you need to verify the email address you used during registration. Go to your Sporcle Settings to finish the process.

Report this User

Report this user for behavior that violates our Community Guidelines.

Details: